00573nam a2200157 a 450000500170000000800410001705000240005810000220008224500610010425000180016526000460018330000110022965000420024099900190028295201140030120140412111349.0050411s19uu xx 00 eng d aTR(GS 428bC34 1996 aChapman, James A. aHandbook of grammar and composition /cJames A. Chapman. aThird Edition aPensacola, Florida :bA Beka Book,c1996. a362 p. aEnglish languangexStudy and teaching c105281d105281 001040aELbELcTRd2005-04-11eLib. Fundl0oTR(GS 428 C34 1996pE9808r2014-04-12 00:00:00w2014-04-12yBK